Missing Word: Movie Words Ending in 'A' Quiz Stats

 Plays Quiz Updated Jul 16, 2015

Challenge
Share
Tweet
Embed
Score 0/20 Timer 04:00
1 Play Today
Hint Missing Word % Correct
Mamma _____!Mia
98%
_____ Jones and the Last CrusadeIndiana
96.6%
Lawrence of _____Arabia
95.7%
Who's Afraid of _____ Woolf?Virginia
91.2%
Coming to _____America
90.4%
V for _____ Vendetta
88.2%
Letters from Iwo _____Jima
87.4%
From _____ with LoveRussia
87.3%
Bram Stoker's _____Dracula
87.2%
Out of _____Africa
84.3%
Hint Missing Word % Correct
La Dolce _____Vita
76.8%
The Treasure of the _____ MadreSierra
76.5%
Hotel _____Rwanda
76.4%
Mystic _____Pizza
75.5%
Big Trouble in Little _____China
75.2%
Throw _____ from the TrainMomma
72.3%
Educating _____Rita
70%
Vicky Cristina _____Barcelona
64%
Run _____ RunLola
49.9%
_____ ParadisoCinema
38.3%

Today's Daily Dose

Word Ladder
Homophones Ate

Quick Pick
RGB Colors

On This Day
August 18th II

You're not logged in!

Compare scores with friends on all Sporcle quizzes.
Join for Free
OR
Log In

You Might Also Like...

Show Comments

Extras

Top Quizzes Today


Score Distribution

Your Account Isn't Verified!

In order to create a playlist on Sporcle, you need to verify the email address you used during registration. Go to your Sporcle Settings to finish the process.

Report this User

Report this user for behavior that violates our Community Guidelines.

Details: